000 00366nam a2200121Ia 4500
008 190722s9999 xx 000 0 und d
020 _a978-81-207-8943-2
100 _aP.D. Shenoy/ T.Y. Prabhu Forwarded By K. R. Kamath
245 0 _aBanking Services And Customer Protection
260 _aNew Delhi
_bSterling Publishers (Pvt.) Ltd.
_c2014
300 _a512
942 _cBK
999 _c419
_d419